| 000 | 01135cab a2200241 4500 | ||
|---|---|---|---|
| 001 | ABS57640 | ||
| 008 | 090401t1997 xxu||||| |||| 00| 0 eng d | ||
| 035 | _a(Sirsi) u81041 | ||
| 041 | _aeng | ||
| 245 | _aWoodridge Ltd v Downie and another | ||
| 260 | _c1997 | ||
| 350 | _a0 | ||
| 490 |
_aEstates Gazette _v[1997] 36 EG 169-173(5) |
||
| 520 | _aLT 30 June 1997. D, previous owner of the reversion of the leases of two flats in a building, transferred her interest to W. The transaction was part of the sale of nine properties pursuant to an oral agreement. D failed to serve notices on the tenants of the flats and the LVT determined that the tenants` nominee purchaser was entitled to acquire the property at a nil consideration. W appealed. "Decision" the consideration payable by the nominee purchase was nil. | ||
| 650 | _aFREEHOLD INTEREST | ||
| 650 | _aLANDLORD AND TENANT ACT 1987 | ||
| 650 | _aLEASEHOLD ENFRANCHISEMENT | ||
| 650 | _aLEASEHOLD VALUATION TRIBUNAL | ||
| 650 | _aWOODRIDGE LTD V DOWNIE AND ANOTHER | ||
| 690 | _aLANDLORD AND TENANT-CASE LAW-LEASEHOLD REFORM | ||
| 942 | _n0 | ||
| 948 | _c23/09/1997 | ||
| 999 |
_c51059 _d51059 |
||